Lenguas en contexto (Record no. 178681)
[ view plain ]
| 000 -CABECERA | |
|---|---|
| campo de control de longitud fija | 01129cas a2200265 a 4500 |
| 005 - FECHA Y HORA DE LA ÚLTIMA TRANSACCIÓN | |
| campo de control | 20240924071050.0 |
| 006 - ELEMENTOS DE LONGITUD FIJA – CARACTERÍSTICAS DE MATERIALES ADICIONALES – INFORMACIÓN GENERAL | |
| campo de control de longitud fija | s|||||o|||| 00| 0 |
| 008 - ELEMENTOS DE LONGITUD FIJA--INFORMACIÓN GENERAL | |
| campo de control de longitud fija | 991125c2003 mx fr ||o| 000 0 spa d |
| 022 ## - NÚMERO INTERNACIONAL NORMALIZADO PARA PUBLICACIONES SERIADAS | |
| Número Internacional Normalizado para Publicaciones Seriadas | 1870-1671 |
| 035 ## - NÚMERO DE CONTROL DEL SISTEMA | |
| Número de control de sistema | UPN01000206580 |
| 040 ## - FUENTE DE LA CATALOGACIÓN | |
| Centro catalogador/agencia de origen | MX-MxUPN |
| Lengua de catalogación | spa |
| 049 ## - COLECCIÓN | |
| Colección | REV-E |
| 245 00 - MENCIÓN DE TÍTULO | |
| Título | Lenguas en contexto |
| Medio | [recurso electrónico en línea] |
| 260 ## - PUBLICACIÓN, DISTRIBUCIÓN, ETC. | |
| Lugar de publicación, distribución, etc. | Puebla : |
| Nombre del editor, distribuidor, etc. | Benemérita Universidad Autónoma de Puebla. Facultad de Lenguas, |
| Fecha de publicación, distribución, etc. | 2003 - |
| 310 ## - FRECUENCIA ACTUAL DE LA PUBLICACION | |
| Periodicidad actual | Anual |
| 506 0# - NOTA DE RESTRICCIONES AL ACCESO | |
| Limitaciones de acceso | Acceso abierto |
| 510 0# - NOTA DE CITAS O REFERENCIAS BIBLIOGRÁFICAS | |
| Nombre de la fuente | Latindex |
| 520 ## - NOTA DE RESUMEN, ETC. | |
| Sumario, etc. | "La revista Lenguas en contexto es un órgano de difusión de la investigación, la reflexión y el conocimiento en torno al lenguaje y las lenguas, su enseñanza, su aprendizaje y su traducción. Difunde, sin fines de lucro, artículos académicos inéditos de calidad en torno a estos temas". |
| Fuente proveedora | Lenguas en contexto |
| 650 #4 - ASIENTO SECUNDARIO DE MATERIA - TERMINO TEMATICO | |
| Término de materia o nombre geográfico como elemento de entrada | Lingüística |
| 9 (RLIN) | 6151 |
| 650 #2 - ASIENTO SECUNDARIO DE MATERIA - TERMINO TEMATICO | |
| 9 (RLIN) | 12972 |
| Término de materia o nombre geográfico como elemento de entrada | LENGUAJE Y LENGUAS - |
| Subdivisión general | ASPECTOS SOCIALES |
| 650 #4 - ASIENTO SECUNDARIO DE MATERIA - TERMINO TEMATICO | |
| Término de materia o nombre geográfico como elemento de entrada | Lenguaje y lenguas |
| Subdivisión general | Estudio y enseñanza |
| 9 (RLIN) | 6150 |
| 856 4# - LOCALIZACIÓN Y ACCESO ELECTRÓNICOS | |
| Identificador Uniforme del Recurso | <a href="http://www.facultaddelenguas.com/lencontexto/">http://www.facultaddelenguas.com/lencontexto/</a> |
| 905 ## - TIPO DE MATERIAL | |
| Tipo de material | Revista |
| 942 ## - ELEMENTOS DE PUNTO DE ACCESO ADICIONAL (KOHA) | |
| Tipo de ítem Koha | Revista Electrónica |
| Estado de retiro | Estado de pérdida | Estado dañado | No para préstamo | Código de colección | Localización permanente | Ubicación/localización actual | Ubicación en estantería | Fecha de adquisición | Fecha visto por última vez | Identificador Uniforme del Recurso | Tipo de ítem Koha |
|---|---|---|---|---|---|---|---|---|---|---|---|
| Acceso abierto | Bib. Gregorio Torres Quintero | Bib. Gregorio Torres Quintero | En línea | 13/05/2022 | 13/05/2022 | http://www.facultaddelenguas.com/lencontexto/?seccion=mision | Revista Electrónica |
